000 00642nam a22002177a 4500
999 _c15127
_d15127
003 AR-CdUCM
008 190415b ||||| |||| 00| 0 spa d
020 _a978-612-301-250-2
040 _aMUNICIPALIDAD PROVINCIAL DEL CUSCO
_cBIBLIOTECA MUNICIPAL DEL CUSCO
082 _aEP / 803 /
_bST82
100 _aStoker, Bram.
_932919
245 _aDrácula /
260 _aLima :
_bQG editores S.A.C.,
_c2011.
300 _a60 páginas ;
_c22 cm.
440 _aGótica .
_934121
505 _aContenido :Drácula .
650 _aHistorietas.
_910786
650 _aCuentos de terror.
_931714
942 _2ddc
_cLIBROS
945 _arum
_d2019-04-25